Score 0/20 Timer 05:00
17 Plays Today
% Correct
Superman
99.9%
Wonder Woman
92.8%
Captain America
92.4%
The Flash
90.4%
Batman
88.6%
Spider-Man
87.6%
The Incredibles
85.6%
Green Lantern
85.6%
Deadpool
84.4%
Daredevil
78.5%
% Correct
Punisher
74.5%
Robin
73%
Fantastic Four
65.7%
Tick
57%
X-Men
51.6%
Shazam
51.6%
Aquaman
45.8%
ThunderCats
45.6%
Hawkman
45.5%
Spawn
25.4%
Remove Ads.
Support Sporcle.
Get the best of Sporcle when you Go Orange. This ad-free experience offers more features, more stats, and more fun while also helping to support Sporcle. Thank you for becoming a member.

You're not logged in!

Compare scores with friends on all Sporcle quizzes.
OR
Log In

Show Comments

Extras

Top Quizzes Today


Score Distribution

Your Account Isn't Verified!

In order to create a playlist on Sporcle, you need to verify the email address you used during registration. Go to your Sporcle Settings to finish the process.

Report this User

Report this user for behavior that violates our Community Guidelines.

Details: